000 00669nam a2200205 a 4500
001 000012645
005 20200929163042.0
008 091114s2003 sp a 000 j spa d
040 _aDO-SdBNP
_bspa
_cBNPHU
082 _aCu863.44
_bP427c
100 1 _aPeraza Linares, Héctor,
_d1941-
_929426
245 1 3 _aEl caballo de dos patas /
_cHéctor Peraza Linares; prólogo de Alfredo Melgar.
260 _aEspaña :
_bEscritura de la Libertad, Carta de Cuba,
_c2003.
300 _a173 p. :
_bil. ;
_c22 cm.
650 4 _aCuentos cubanos
_91482
650 4 _aLiteratura cubana
_ySIGLO XX
_99186
700 1 _aMelgar, Alfredo,
_dpról.
_929427
910 _aWM
049 _aBNGR
999 _c12297
_d12297